| 000 | 01288cam a2200265 4500500 | ||
|---|---|---|---|
| 005 | 20251228051404.0 | ||
| 041 | _afre | ||
| 042 | _adc | ||
| 100 | 1 | 0 |
_aBourgeois, Didier _eauthor |
| 245 | 0 | 0 | _aJeux d’autorité et de pouvoirs dans l’institution psychiatrique |
| 260 | _c2022. | ||
| 500 | _a1 | ||
| 520 | _aAutorité et pouvoir(s) se dialectisent dans l’institution, et encore plus dans une institution bâtie pour être soignante par elle-même. Ces enjeux polymorphes d’autorité et de pouvoir induisent une dynamique parfois féconde, parfois mortifère. Il ne faut pas les méconnaître. | ||
| 520 | _aDialectization of power and authority in institution is important, all the more in specific psychiatric institution designed and built to be therapeutic. This polymorphic major stakes induce a fruitful or deadly dynamic, important to be known and decrypted. | ||
| 690 | _aautorité | ||
| 690 | _ahiérarchie | ||
| 690 | _ainstitution psychiatrique | ||
| 690 | _aPouvoir | ||
| 690 | _aauthority | ||
| 690 | _ahierarchy | ||
| 690 | _aPower | ||
| 690 | _apsychiatric institution | ||
| 786 | 0 | _nCliniques | 24 | 2 | 2022-09-15 | p. 113-124 | 2115-8177 | |
| 856 | 4 | 1 | _uhttps://shs.cairn.info/revue-cliniques-2022-2-page-113?lang=fr&redirect-ssocas=7080 |
| 999 |
_c1581803 _d1581803 |
||